000 01124nam a2200289Ia 4500
003 CO-BoRNBP
005 20230901134339.0
008 161213s2016 ck d g 000 0 spa
020 _a9789586654104
040 _aCO-BoRNBP
_bspa
_erda
_cCO-BoRNBP
082 0 4 _a303.62 V658u
100 1 _aVásquez, Teófilo
_984146
245 1 4 _aUna vieja guerra en un nuevo contexto
_bconflicto y territorio en el sur de Colombia
_ceditores Teófilo Vásquez, Andrés R. Vargas, Jorge A. Restrepo
250 _aEdición especial
_b1a. reimpresión
264 _aBogotá
_bSiglo del Hombre
_c2016
300 _a466 páginas
_bgráficos, mapas en blanco y negro
_c24 cm
336 _atexto
_btxt
_2rdacontent
337 _asin mediación
_bn
_2rdamedia
338 _avolumen
_bnc
_2rdacarrier
490 _aPlan Nacional de Lectura y Escritura Leer es mi Cuento. 2016
500 _aIncluye bibliografía y datos biográficos de los autores
650 1 4 _2LEMB
_aConflicto armado
_zColombia
_94301
650 1 4 _2LEMB
_aViolencia
_zColombia
_93642
650 1 4 _2LEMB
_aGuerra
_912892
700 1 _aVargas, Andrés R.
_984147
942 _2ddc
_cBK
999 _c3163
_d3163